000 00695nam a2200289Ia 4500
005 20260324140241.0
008 008 260324s9999 xx 000 0 eng d
020 _a9780203949054
037 _aEBOOK
040 _aCRL
040 _beng
040 _cCRL
041 _2eng
041 _aeng
084 _qCRL
100 _aChristine Daniels; Michael V. Kennedy
_91203685
245 0 _aOver the Threshold
245 0 _bIntimate Violence in Early America
260 _bTaylor and Francis
260 _c1999
365 _a
365 _b195
856 _uhttp://www.taylorfrancis.com/books/9780203949054
942 _cEBOOK
999 _c1805574
_d1805574